Back to the Future's opening sequence Quiz Stats

 Plays Quiz not verified by Sporcle

Support Sporcle.
Go Orange.
Score 0/15 Timer 03:00
0 Plays Today
% Correct
???
98.4%
???
79.9%
???
70.7%
???
65.4%
???
48.1%
???
31.2%
???
19.4%
???
18.3%
% Correct
???
16.6%
???
16.3%
???
11.2%
???
9.8%
???
9.7%
???
9.6%
???
9.6%

You're not logged in!

Compare scores with friends on all Sporcle quizzes.
OR
Log In

From the Vault

Remove Ads.
Support Sporcle.
Get the best of Sporcle when you Go Orange. This ad-free experience offers more features, more stats, and more fun while also helping to support Sporcle. Thank you for becoming a member.

Show Comments

Extras

Created Oct 3, 2013ReportNominate
Tags:Back to the Future

Top Quizzes Today


Score Distribution

Your Account Isn't Verified!

In order to create a playlist on Sporcle, you need to verify the email address you used during registration. Go to your Sporcle Settings to finish the process.

Report this User

Report this user for behavior that violates our Community Guidelines.

Details: